000 00760cab a2200229 4500
001 WB3334-03
008 090401t1997 xxu||||| |||| 00| 0 eng d
035 _a(Sirsi) u80687
041 _aeng
245 _aBT changes mind
260 _c1997
350 _a0
490 _aBuilding
_v262(8005) 5 September 1997, 9: 18 july 1997, 11(2)
520 _aBT has announced that it will abandon the practice of fee tendering individual projects. In future it will select lists of consultants on a partnering basis. Timetable for introduction.
650 _aBRITISH TELECOM
650 _aFEE TENDERING
650 _aFRAMEWORK AGREEMENTS
650 _aPARTNERING
690 _aBUILT ENVIRONMENT-BUILDING CONTRACT FORMS
942 _n0
948 _c05/09/1997
999 _c50798
_d50798